Projekt komunitného centra mestského parku s vyhliadkovou vežou

Enregistré dans:
Détails bibliographiques
Auteur principal: Vráb, Marek (Auteur)
Autres auteurs: Hanuliak, Peter (Directeur de thèse)
Format: Manuscrit Livre
Langue:slovaque
Publié: 2025
Sujets:
Accès en ligne:http://is.stuba.sk/zp/portal_zp.pl?podrobnosti=181777
CRZP
Tags: Ajouter un tag
Pas de tags, Soyez le premier à ajouter un tag!

MARC

LEADER 00000ntm a22000003a 4500
001 stuzp105988
003 SK-STU
005 20250801123832.6
007 ta
008 150427s2015----xo-----f-mn---000-0-slo-d
040 |a STU  |b slo 
041 0 |a slo 
100 1 |a Vráb, Marek  |u 010180  |4 aut  |U SvF Stavebná fakulta  |T SvF Katedra konštrukcií pozemných stavieb  |X 105619  |U V180  |Y 18  |7 105619 
242 0 1 |a City park community center with observation tower project  |y eng 
245 1 0 |a Projekt komunitného centra mestského parku s vyhliadkovou vežou 
260 |c 2025 
650 4 |a implementation project  |2 eng 
650 4 |a new building  |2 eng 
650 4 |a green roof  |2 eng 
650 4 |a observation tower  |2 eng 
650 4 |a restaurant  |2 eng 
650 4 |a realizačný projekt  |2 slo 
650 4 |a novostavba  |2 slo 
650 4 |a zelená strecha  |2 slo 
650 4 |a vyhliadková veža  |2 slo 
650 4 |a reštaurácia  |2 slo 
700 1 |a Hanuliak, Peter  |u 010180  |k Z1  |4 ths  |U SvF Stavebná fakulta  |T SvF Katedra konštrukcií pozemných stavieb  |X 11280  |U V180  |Y 18  |7 A000011280 
856 4 |u http://is.stuba.sk/zp/portal_zp.pl?podrobnosti=181777 
856 4 |u https://opac.crzp.sk/?fn=detailBiblioForm&sid=C9A1C75A261DD259FA88461E26A3  |z CRZP